logo

Bir Sreshtho Munshi Abdur Rouf Library
Jhenaidah Cadet College

তিনটি সেনা অভ্যুত্থান ও কিছু না বলা / (Record no. 7458)

MARC details
000 -LEADER
fixed length control field 00691nam a22002057a 4500
001 - CONTROL NUMBER
JCCL Control Number 7458
003 - CONTROL NUMBER IDENTIFIER
JCCL marc code BD-JhCC
005 - DATE AND TIME OF LATEST TRANSACTION
control field 20220120134023.0
008 - FIXED-LENGTH DATA ELEMENTS--GENERAL INFORMATION
fixed length control field 180210b2013 bg ||||| |||| 00| 0 ben d
035 ## - SYSTEM CONTROL NUMBER
system control number (BD-JhCC)7458
040 ## - CATALOGING SOURCE
Original cataloging agency BD-JhCC
Modifying agency BD-JhCC
041 ## - LANGUAGE CODE
Language code of Book ben
082 ## - DEWEY DECIMAL CLASSIFICATION NUMBER
Classification number 322.509866
Author mark and Year HAM 2013
100 ## - MAIN ENTRY--PERSONAL NAME
Personal name হামিদ, লে: কর্নেল (অব:) এম. এ.
245 ## - TITLE STATEMENT
Title তিনটি সেনা অভ্যুত্থান ও কিছু না বলা /
Statement of responsibility, etc লে: কর্নেল (অব:) এম. এ. হামিদ
300 ## - PHYSICAL DESCRIPTION
Pagination 192 p. :
Dimensions 22 cm.
650 ## - SUBJECT ADDED ENTRY--TOPICAL TERM
Topical term or geographic name as entry element Military Coup , Military goverment
942 ## - ADDED ENTRY ELEMENTS (KOHA)
Source of classification or shelving scheme Dewey Decimal Classification
Koha item type Books
Koha issues (borrowed), all copies 10
Holdings
Source of classification or shelving scheme Damaged status Not for loan Home library Current library Shelving location Date of accession Cost, normal purchase price Total Checkouts Full call number Barcode Date last seen Date checked out Copy number Method of acquisition Koha item type Currency
Dewey Decimal Classification     JCC Rouf Library JCC Rouf Library General Stacks 02/10/2018 250.00 7 322.509866 HAM 2013 10046 07/27/2022 01/19/2022 C-1 Purchase Books BDT
Dewey Decimal Classification     JCC Rouf Library JCC Rouf Library General Stacks 06/23/2023 216.00 4 322.509866 HAM 2013 17886 10/03/2024 09/30/2024 C-2 Purchase Books BDT

JCC Library | Contacts | JCC Home

Last Update on 23 September 2017
Copyright @ 2017-2020 JCC Rouf Library
Rouf Library, Jhenidah Cadet College (JCC), Bangladesh